A válságérintett nemzetgazdasági ágakban működő magyar mikro-, kis- és középvállalkozások jövedelmezőségének, tőkeszerkezetének és stabilitásának összefüggései
| Szerző: | |
|---|---|
| További közreműködők: | |
| Dokumentumtípus: | TDK dolgozat |
| Kulcsszavak: | esettanulmány kis- és középvállalkozás - KKV klaszteranalízis pénzügyi mutatóelemzés statisztikai adatelemzés |
| Online Access: | http://dolgozattar.uni-bge.hu/60447 |
MARC
| LEADER | 00000nta a2200000 i 4500 | ||
|---|---|---|---|
| 001 | dolg60447 | ||
| 005 | 20260416073719.0 | ||
| 008 | 260416suuuu hu o 000 hun d | ||
| 040 | |a BGE Dolgozattár Repozitórium |b hun | ||
| 041 | |a hu | ||
| 100 | 1 | |a Ajtay Adrienn | |
| 245 | 1 | 2 | |a A válságérintett nemzetgazdasági ágakban működő magyar mikro-, kis- és középvállalkozások jövedelmezőségének, tőkeszerkezetének és stabilitásának összefüggései |c Ajtay Adrienn |h [elektronikus dokumentum] |
| 516 | |a Students_Scientific_Association_paper | ||
| 520 | 3 | |a 2025-ben a magyar MKKV szektor a Covid-19 járvány, az energiaválság és az infláció együttes hatásait igyekszik versenyképességi intézkedésekkel, korszerűsítéssel és a pénzügyi tudatossága növelésével eredményessége javára fordítani. Kutatásom célja olyan pénzügyi mutatók közötti összefüggések vizsgálata, amelyek pontosabb képet adnak a magyar MKKV-k egyes csoportjainak pénzügyi helyzetéről, valamint annak időbeli alakulásáról a válságérintett ágazatokban és időszakokban. Hipotéziseimben az egyes időszakok, nemzetgazdasági ágak, illetve jövedelmezőség eltéréseire vonatkozó állításokat fogalmaztam meg a pénzügyi mutatók egyes meghatározott értékeinek függvényében. A kvantitatív kutatási módszertanhoz illeszkedően a hipotéziseket statisztikai módszerekkel elemeztem. Az egyes nemzetgazdasági ágak és a jövedelmezőség, illetve likviditás kapcsolatát varianciaanalízis segítségével vizsgálva arra a következtetésre jutottam, hogy az ágazatok közötti eltérések szignifikánsak, ugyanakkor a Covid-19 válságot követően többnyire mérséklődtek az eltérések néhány iparág kivételével. A tőkeáttétel, követeléskezelés, export és likviditás egyaránt hatással vannak az MKKV-k jövedelmezőségére, ezen mutatók között azonban eltérő erősségű statisztikai kapcsolat mutatkozott a Kruskal-Wallis H próba, majd Mann-Whitney U tesztek elvégzését követően. Végül a vállalkozások helyzetébe pontosabb bepillantást engedő pénzügyi mutatókból faktoranalízis segítségével három mesterséges változót képeztem, mely a külső környezetre, pénzügyi stabilitásra és pénzügyi hatékonyságra vonatkozó információkat tömörítve tartalmazza. Ezek segítségével hierarchikus klaszteranalízis segítségével három jól elkülöníthető vállalati csoportot azonosítottam. A kvantitatív kutatási eredményeim mögötti jelenségeket, okokat kvalitatív kutatás keretében kapott mélyinterjúk segítségével mutattam be. Az elemzések következményeként kijelenthetem, hogy dolgozatomban egy pontos képet rajzoltam fel a magyar MKKV-k különböző pénzügyi mutatók mentén tapasztalható differenciálódásáról, mely mind belső fejlődési irányuk kijelöléséhez, mind hatékonyabb támogatásuk megvalósításához hasznos eredmény lehet. A kutatás a Kulturális és Innovációs Minisztérium Nemzeti Kutatási, Fejlesztési és Innovációs Alapból nyújtott támogatásával, az Egyetemi Kutatói Ösztöndíj Program keretében valósult meg. | |
| 695 | |a esettanulmány | ||
| 695 | |a kis- és középvállalkozás - KKV | ||
| 695 | |a klaszteranalízis | ||
| 695 | |a pénzügyi mutatóelemzés | ||
| 695 | |a statisztikai adatelemzés | ||
| 700 | 1 | |a Hegedűs Dr. Szilárd |e ths | |
| 856 | 4 | 0 | |u http://dolgozattar.uni-bge.hu/60447/1/A%20v%C3%A1ls%C3%A1g%C3%A9rintett%20nemzetgazdas%C3%A1gi%20%C3%A1gakban%20m%C5%B1k%C3%B6d%C5%91%20magyar%20mikro-%2C%20kis-%20%C3%A9s%20k%C3%B6z%C3%A9pv%C3%A1llalkoz%C3%A1sok%20j%C3%B6vedelmez%C5%91s%C3%A9g%C3%A9nek%2C%20t%C5%91keszerkezet%C3%A9nek%20%C3%A9s%20stabilit%C3%A1s%C3%A1nak%20%C3%B6sszef%C3%BCgg%C3%A9sei.pdf |z Dokumentum-elérés |
| 856 | 4 | 0 | |u http://dolgozattar.uni-bge.hu/60447/2/Ajtay_Adrienn_PSZK.docx |z Dokumentum-elérés |
| 856 | 4 | 0 | |u http://dolgozattar.uni-bge.hu/60447/3/08_BGE%20TDK_Szerz%C5%91i%20hozz%C3%A1j%C3%A1rul%C3%A1s%20nyilatkozat%202025_AA.pdf |z Dokumentum-elérés |
| 856 | 4 | 0 | |u http://dolgozattar.uni-bge.hu/60447/4/Ajtay_Adrienn_PSZK.pdf |z Dokumentum-elérés |
| 856 | 4 | 0 | |u http://dolgozattar.uni-bge.hu/60447/5/Ajtay%20Adrienn.pdf |z Dokumentum-elérés |
| 856 | 4 | 0 | |u http://dolgozattar.uni-bge.hu/60447/6/05_Dolgozat_biralati_lap_2025_HU%20%28Ajtay%20Adrienn%29.pdf |z Dokumentum-elérés |